Commercial and public : top 100 world's landscape (Record no. 10553)

000 -LEADER
fixed length control field 00344nam a2200109Ia 4500
008 - FIXED-LENGTH DATA ELEMENTS--GENERAL INFORMATION
fixed length control field 220318s9999 xx 000 0 und d
020 ## - INTERNATIONAL STANDARD BOOK NUMBER
International Standard Book Number 9787503866180
100 ## - MAIN ENTRY--PERSONAL NAME
Personal name Hong Kong Architecture Science Press; JTart Publishing & Media
245 #0 - TITLE STATEMENT
Title Commercial and public : top 100 world's landscape
260 ## - PUBLICATION, DISTRIBUTION, ETC. (IMPRINT)
Name of publisher, distributor, etc J Tart publishing
Date of publication, distribution, etc 2012
942 ## - ADDED ENTRY ELEMENTS (KOHA)
Source of classification or shelving scheme
Holdings
Withdrawn status Lost status Source of classification or shelving scheme Damaged status Koha normalized classification for sorting Not for loan Permanent location Current location Date acquired Source of acquisition Cost, normal purchase price Total Checkouts Total Renewals Full call number Barcode Date last seen Date last borrowed Cost, replacement price Price effective from Koha item type
        712_000000000000000   BMS College of Architecture, Design and Planning BMS College of Architecture, Design and Planning 2022-04-04 6 4131.75 3 1 712 AR-UG2654 2024-07-05 2024-06-14 5902.50 2022-04-04 UG Books
Copyright © 2025, The Librarian, Library and Information Centre, BMSCA D&P, Bengaluru. All Rights Reserved
web counter

Powered by Koha